| 000 | 00645nam a22002057a 4500 | ||
|---|---|---|---|
| 999 |
_c18112 _d18112 |
||
| 003 | AR-CdUCM | ||
| 008 | 190401b ||||| |||| 00| 0 spa d | ||
| 040 |
_aMUNICIPALIDAD PROVINCIAL DEL CUSCO _cBIBLIOTECA MUNICIPAL DEL CUSCO |
||
| 082 |
_a800 / _bS17 _24ed. |
||
| 100 |
_aSaint Exupéry, Antoine de _914004 |
||
| 245 | _aEl principito / | ||
| 260 |
_aMéxico : _bMexicanos unidos, _c1982. |
||
| 300 |
_a99 páginas ; _c20 cm. |
||
| 440 |
_aColección literatura universal _97240 |
||
| 505 | _aContenido :El principito. | ||
| 650 |
_aLiteratura peruana _9169 |
||
| 650 |
_aHistorias _92725 |
||
| 942 |
_2ddc _cLIBROS |
||
| 945 |
_arah _d2019/05/11 |
||